01097nas a2200277 4500001001000000003000900010005001700019007000300036008003400039040005400073041000900127072000800136100001700144245014000161246014100301650001900442650001000461650001100471650002100482650001400503773007600517909004000593942001800633999001900651952014900670BR8402479BR-BrBNA20231205085916.0ta230509b bl.|||p| |||| 00| 00por d aBR-BrBNAbporcBiblioteca Nacional de Agricultura a(Pt) aQ101 aRuas, D.G.G.1 aPeriodo de moagem - alguns aspectos das safras 1981/82 e 1982/83 no estado de Sao Paulo [cana de acucar, Saccharum officinarum, Brasil]1 a[Grinding period - some aspects of the seasons 1981/82 and 1982/83 in the state of Sao Paulo [sugarcane, Saccharum officinarum, Brazil]] aCANA DE ACUCAR aSAFRA aMOAGEM aUSINA ACUCAREIRA aSAO PAULO0 tCadernos PLANALSUCAR (Brazil)xg(Feb 1984), v. 3(1) p. 3-12wBR8402479 a202311bLúciac55dLúcia Elande 2AGRISn0cANA c114704d114704 002AGRIS4071a41918b41918cPeriódicos Agrícolash(Feb 1984), v. 3(1) p. 3-12l0r2023-11-29t01yCRePortaria Interministerial nº 164/94